000 00439nam a22001697a 4500
003 OSt
005 20220131113142.0
008 220131b |||||||| |||| 00| 0 eng d
020 _a0 89838 569 5
040 _aDDC
_cHU
082 _21ST
_a616.99406
_b1
100 _aDONALD J. HIGBY
_929154
245 _aSUPPORTIVE CARE IN CANCER THERAPY
250 _a1ST
260 _aBOSTON
_bMARTINUS NIJHOFF PUBLISHERS
_c1983
942 _2ddc
_cBOOKS
_n0
999 _c28515
_d28515